Responses for Show #2349 - Thursday, November 17, 1994

1994 Tournament of Champions quarterfinal game 4.

Contestants

[<< previous game]

Rachael Schwartz, an attorney from Bedminster, New Jersey

David Hillinck, a high school principal from Sacramento, California

John Cuthbertson, a physicist from San Diego, California

[next game >>]

Jeopardy! Round responses

NATURE
MUSICAL THEATRE
1988
FOOD
HEALTH & MEDICINE
CROSSWORD CLUES "E"
    $100 1
sand dunes

David
    $100 26
The Sound of Music

David
    $100 7
Michael Dukakis

David
    $100 4
croutons

David
    $100 12
leeches

Rachael
    $100 21
eager

Rachael
    $200 2
bats

David
    $1,000 27
(David: What is I have no idea?!)
(Alex: "You Can't Get A Man With A Gun".)

Annie Get Your Gun

David
    $200 8
Sinn Fein

David
    $200 13
Steak Tartare

David
    $200 14
the retina

David
    $200 22
erroneous

Rachael
    $300 3
saguaro

Rachael
    $300 28
Marilyn Monroe

David
    $300 9
Hungary

David
    $300 18
squash

Rachael
    $300 15
saccharin

John
    $300 23
effects

John
    $400 5
(Rachael: What are barnacles?)
...
(Alex: Sorry, John, you didn't ring in quickly enough.)

snails

Rachael
Triple Stumper
    $400 29
Show Boat

Rachael
    $400 10
Augusto Pinochet

John
    $400 19
(Alex: They're tasty, so you can put a whole lot of stuff in them.)

a frittata

Triple Stumper
    $400 16
breathing

John
    $400 24
enumerate

Rachael
    $500 6
kudzu

John
    $500 30
Alexander Borodin

John
    $500 11
Adnan Khashoggi

Triple Stumper
    $500 20
potato & cabbage

Triple Stumper
    $500 17
pigment (or color)

John
    $500 25
enlargement

Triple Stumper

Scores at the first commercial break (after clue 15):

John David Rachael
$1,200 $1,400 $0

Scores at the end of the Jeopardy! Round:

John David Rachael
$2,900 $800 $1,400

Double Jeopardy! Round responses

ANCIENT HISTORY
U.S. GEOGRAPHY
SAINTS
FLEETS
CLOTHING
LITERATURE
    $200 3
books

Rachael
    $200 21
the Great Salt Lake

Rachael
    $200 26
Joan of Arc

Rachael
    $200 1
Christopher Columbus

David
    $200 4
socks

David
    $200 10
the Great Gatsby

Rachael
    $400 16
Plato

Rachael
    $400 22
the Rio Grande

David
    $400 27
St. David

John
    $400 2
the Spanish Armada

John
    $400 6
Jersey

Rachael
    $400 11
(Rachael: What is O Pioneer!?)
...
(Alex: Plural.)

O Pioneers!

DavidRachael
    $600 17
the Mayans

David
    $600 23
(Rachael: What is Attica?)

Ossining

Rachael
Triple Stumper
    $600 28
Michael & Gabriel

John
    $600 5
Cunard

Rachael
    $600 7
(John: What is football?)
...
(Alex: That's what it's called, the plastron.)

fencing

JohnRachael
    $600 12
Henry James

Rachael
    $800 19
Nero

John
    $2,600 24
(Alex: If you made it a True Daily Double as you can see and responded correctly, you and Rachael would be tied for second place, trailing John by $100.)
(David: Let's give it a shot: $2,600, please.)

the Blue Ridge Mountains

David
    $800 29
St. Thomas More

Rachael
    $800 15
the Ottoman Empire

John
    $800 8
a pinafore

Rachael
    $800 13
Nathanael West

Rachael
    $1000 20
Memphis

John
    $1000 25
(John: What is Cleveland?)
(Rachael: What is Steuben?)
...
(Alex: David's thinking, thinking, thinking he's not going to ring in to try to come up with "What is [*]?")

Toledo

JohnRachael
Triple Stumper
    $1,000 30
(Alex: The last clue is yours, and look at those scores, Rachael. Big decision for you--$100 separating first place from third.)

St. Thomas Aquinas

Rachael
    $1000 18
(David: What is Yalta?)

Sevastopol

JohnDavid
    $1000 9
(John: What is a claymore?)

a sporon

John
Triple Stumper
    $1000 14
Fathers and Sons

David

Scores at the end of the Double Jeopardy! Round:

John David Rachael
$5,300 $5,200 $6,200

Final Jeopardy! Round responses

NAMES IN THE NEWS
(Alex: [To Rachael] We'll assume that there was only one to whom she was referring.)
[1996 Summer Olympic Games in Atlanta]
DavidWho is Andrew Young?
$5,200
JohnWho is Andrew Young?
$5,101
RachaelWho is Young?
$3,100
Andrew Young

Final scores:

John David Rachael
$10,401 $10,400 $9,300
Automatic semifinalist 2nd place: $1,000 if eliminated 3rd place: $1,000 if eliminated

Game dynamics:

Coryat scores:

John David Rachael
$5,300 $4,400 $6,200
14 R,
3 W
17 R
(including 1 DD),
2 W
(including 1 DD)
20 R
(including 1 DD),
4 W

Combined Coryat: $15,900

[game clues] [game scores] [suggest correction]

Game tape date: 1994-10-11
The J! Archive is created by fans, for fans. Scraping, republication, monetization, and malicious use prohibited; this site may use cookies and collect identifying information. See terms. The Jeopardy! game show and all elements thereof, including but not limited to copyright and trademark thereto, are the property of Jeopardy Productions, Inc. and are protected under law. This website is not affiliated with, sponsored by, or operated by Jeopardy Productions, Inc. Join the discussion at JBoard.tv.